00681cam a22002172 4500001001100000005001700011008004100028020001700069040001500086050002300101100003000124245010800154250001200262260003600274300002900310650002500339650003100364700003600395700002900431852000300460000002018520151217154438.0110824s xx 000 0 eng d a0495381500 : aKABUcKABU 0aQH308.2b.S73 20081 aStarr, Cecie.@000015523410aBiology :bconcepts and applications without physiology /cCecie Starr, Christine A. Evers, Lisa Starr. a7th ed. aBelmont, CA. :bThomson,c2008. a1 v. (various pagings) ; 0aBiology.@0000003707 0aHuman biology.@00001552141 aEvers, Christine A.@00001802721 aStarr, Lisa.@00001802731